Pays d'Europe avant la Première Guerre mondiale - Statistiques

Statistiques générales
  • Ce quiz a été pris 1 094 fois
  • Le résultat moyen est 23 sur 25
Réponses sur la Carte
Les réponses sont colorées sur une échelle allant du rouge au vert en fonction du pourcentage des utilisateurs qui les ont devinées à leur premier essai. Vous pouvez retrouver ces pourcentages ci-dessous.
 
Statistiques - réponses
pays % Correct
France
100%
Empire allemand
99%
Empire russe
99%
Espagne
99%
Italie
99%
Royaume-Uni
99%
Belgique
98%
Portugal
98%
Suisse
98%
Grèce
97%
Suède
97%
Norvège
96%
Pays-Bas
96%
Danemark
95%
Luxembourg
93%
Monaco
90%
Roumanie
90%
Albanie
89%
Andorre
89%
Autriche-Hongrie
88%
Bulgarie
88%
Serbie
87%
Saint-Marin
85%
Liechtenstein
84%
Monténégro
80%
Aucun quiz correspondant
Distribution des résultats
% des personnes avec chaque résultat
Percentile par nombre de réponses
Votre historique - résultats
Vous n’avez pas pris ce quiz